| 000 | 00696nam a2200265Ia 4500 | ||
|---|---|---|---|
| 001 | 20708 | ||
| 005 | 20240114000528.0 | ||
| 007 | ta | ||
| 008 | 060225s1981 a g b000 u 465 u | ||
| 040 | _aCotton College,Assam | ||
| 041 | _a465 | ||
| 082 |
_a330.9 _bK 835 Ne |
||
| 100 | _aKomlev, Lev . | ||
| 245 | 0 |
_aThe New International Economic Order / _cLev Komlev. _hTextual Documents |
|
| 250 | _a1st ed. / | ||
| 260 |
_aNew Delhi : _bSterling publishers , _c1981. |
||
| 300 |
_axi,164p. : _bill ; _c21cm . |
||
| 504 | _aBib.,Index | ||
| 653 | _aEconomics | ||
| 653 | _aG-Economics | ||
| 653 | _aWorld Economy | ||
| 942 |
_2ddc _cBK |
||
| 999 |
_c20690 _d20690 |
||